[Event "Nakhchivan op"]
[Site "Nakhchivan"]
[Date "2013.04.28"]
[Round "6"]
[White "Zhigalko, Sergei"]
[Black "Aleksandrov, Aleksej"]
[Result "1/2-1/2"]
[WhiteElo "2656"]
[BlackElo "2604"]
[PlyCount "142"]
[EventDate "2013.04.22"]
[EventType "swiss"]
[EventRounds "9"]
[EventCountry "AZE"]
[SourceTitle "CBM 154 Extra"]
[Source "ChessBase"]
[SourceDate "2013.06.25"]
[SourceVersion "2"]
[SourceVersionDate "2013.06.25"]
[SourceQuality "1"]

1. e4 e5 2. Nf3 Nc6 3. Bb5 Nf6 4. d3 d6 5. O-O Bd7 6. c3 g6 7. d4 Bg7 8. d5 Nb8 9. Bxd7+ Nbxd7 10. Re1 O-O 11. c4 a5 12. Nc3 Nc5 13. Qc2 Nfd7 14. Be3 f5 15. b3 f4 16. Bxc5 dxc5 17. Rad1 h6 18. Rd3 g5 19. g4 h5 20. h3 hxg4 21. hxg4 Nf6 22. Nxg5 Nxg4 23. Nf3 Ra6 24. Kf1 Rh6 25. Ke2 Nh2 26. Rg1 Nxf3 27. Rxf3 Rff6 28. Qd1 Kf7 29. Nb1 Qh8 30. Nd2 Rfg6 31. Rxg6 Rxg6 32. Qf1 Qh5 33. Qh3 Qxh3 34. Rxh3 Rg1 35. Nf3 Ra1 36. a4 Ra2+ 37. Kf1 Kg6 38. Nh4+ Kg5 39. Kg2 Bf6 40. Nf3+ Kg6 41. Kf1 Rb2 42. Ke1 Ra2 43. Nd2 Ra1+ 44. Ke2 Rc1 45. Rd3 Be7 46. Rh3 Bf6 47. Kd3 Re1 48. Rh2 Rc1 49. Rg2+ Kf7 50. Nf3 Rb1 51. Kc2 Rf1 52. Kd2 Rb1 53. Kc3 Rc1+ 54. Kb2 Rf1 55. Kc2 Ra1 56. Nd2 Re1 57. Kd3 Rd1 58. Ke2 Rc1 59. Rh2 Kg6 60. Rh3 Ra1 61. Rd3 Be7 62. Nf3 Bd6 63. Nh2 Rh1 64. Nf3 Kh5 65. Rd1 Rxd1 66. Kxd1 Kg4 67. Ke2 b6 68. Ne1 Be7 69. f3+ Kg3 70. Nd3 Bd6 71. Nf2 Kg2 1/2-1/2

[Event "Nakhchivan op"]
[Site "Nakhchivan"]
[Date "2013.04.30"]
[Round "8"]
[White "Zhigalko, Sergei"]
[Black "Miezis, Normunds"]
[Result "1-0"]
[WhiteElo "2656"]
[BlackElo "2556"]
[PlyCount "65"]
[EventDate "2013.04.22"]
[EventType "swiss"]
[EventRounds "9"]
[EventCountry "AZE"]
[SourceTitle "CBM 154 Extra"]
[Source "ChessBase"]
[SourceDate "2013.06.25"]
[SourceVersion "2"]
[SourceVersionDate "2013.06.25"]
[SourceQuality "1"]

1. e4 c5 2. Nf3 e6 3. d4 cxd4 4. Nxd4 a6 5. Bd3 Nc6 6. Nxc6 dxc6 7. O-O e5 8. Nd2 b5 9. a4 Be6 10. Nf3 f6 11. Qe2 Ne7 12. Be3 Ng6 13. axb5 axb5 14. c4 b4 15. c5 Be7 16. Bc4 Rxa1 17. Rxa1 Qd7 18. Qc2 Kf7 19. Rd1 Qc8 20. Qb3 Rd8 21. Rxd8 Bxd8 22. Qxb4 Nf8 23. Nd2 Qa8 24. h3 Be7 25. Be2 Qa1+ 26. Kh2 Qe1 27. Bc4 h5 28. Qb7 Qc1 29. b3 Qc2 30. Qxc6 Bxc4 31. Nxc4 h4 32. Qd5+ Ne6 33. c6 1-0

[Event "Nakhchivan op"]
[Site "Nakhchivan"]
[Date "2013.05.01"]
[Round "9"]
[White "Kotsur, Pavel"]
[Black "Zhigalko, Sergei"]
[Result "1/2-1/2"]
[WhiteElo "2552"]
[BlackElo "2656"]
[PlyCount "72"]
[EventDate "2013.04.22"]
[EventType "swiss"]
[EventRounds "9"]
[EventCountry "AZE"]
[SourceTitle "CBM 154 Extra"]
[Source "ChessBase"]
[SourceDate "2013.06.25"]
[SourceVersion "2"]
[SourceVersionDate "2013.06.25"]
[SourceQuality "1"]

1. Nf3 Nf6 2. c4 e6 3. g3 d5 4. Bg2 d4 5. d3 c5 6. e3 Nc6 7. exd4 cxd4 8. O-O Bd6 9. Na3 O-O 10. Nc2 e5 11. Bg5 h6 12. Bxf6 Qxf6 13. Nd2 Qg6 14. a3 Kh8 15. Ne4 Be7 16. b4 Bg4 17. f3 Be6 18. b5 Na5 19. f4 f5 20. Nd2 e4 21. Nb4 Rac8 22. Qa4 Bd8 23. Rac1 Bb6 24. Rfe1 e3 25. Nf3 Qf6 26. h4 Kh7 27. Kh2 Rg8 28. Rh1 g6 29. Ne5 Rge8 30. Bd5 Qd8 31. Bxe6 Rxe6 32. Nd5 Kg7 33. Nf3 Bc5 34. Qc2 h5 35. Qb2 Qh8 36. Rhe1 Kg8 1/2-1/2

[Event "TUR-chT"]
[Site "Denizli"]
[Date "2013.06.29"]
[Round "1.1"]
[White "Zhigalko, Sergei"]
[Black "Berkes, Ferenc"]
[Result "1/2-1/2"]
[WhiteElo "2661"]
[BlackElo "2687"]
[PlyCount "69"]
[EventDate "2013.06.29"]
[EventType "team-tourn"]
[EventRounds "13"]
[EventCountry "TUR"]
[SourceTitle "CBM 155 Extra"]
[Source "ChessBase"]
[SourceDate "2013.08.26"]
[SourceVersion "1"]
[SourceVersionDate "2013.08.26"]
[SourceQuality "1"]
[WhiteTeam "Kahramanmaras Belediye"]
[BlackTeam "Besiktas Jimnastik"]
[WhiteTeamCountry "TUR"]
[BlackTeamCountry "TUR"]

1. e4 c6 2. d4 d5 3. e5 Bf5 4. Nf3 e6 5. Be2 c5 6. Be3 Qb6 7. Nc3 Nc6 8. O-O Qxb2 9. Qe1 c4 10. Rb1 Qxc2 11. Rxb7 Rb8 12. Rxb8+ Nxb8 13. Qa1 Bb4 14. Rb1 Bxc3 15. Rxb8+ Kd7 16. Qd1 h6 17. Rb7+ Kd8 18. g4 Qxd1+ 19. Bxd1 Bxg4 20. Kg2 Ne7 21. Ba4 Ng6 22. Rxa7 Rf8 23. Ng1 Bb2 24. Kg3 Bf5 25. h4 h5 26. Nf3 c3 27. Ne1 Kc8 28. Nc2 Kb8 29. Rd7 Bxc2 30. Bxc2 Kc8 31. Ra7 Kb8 32. Rd7 Kc8 33. Ra7 Kb8 34. Rd7 Kc8 35. Ra7 1/2-1/2

[Event "TUR-chT"]
[Site "Denizli"]
[Date "2013.06.30"]
[Round "2.1"]
[White "Shanava, Konstantine"]
[Black "Zhigalko, Sergei"]
[Result "1/2-1/2"]
[WhiteElo "2563"]
[BlackElo "2661"]
[PlyCount "128"]
[EventDate "2013.06.29"]
[EventType "team-tourn"]
[EventRounds "13"]
[EventCountry "TUR"]
[SourceTitle "CBM 155 Extra"]
[Source "ChessBase"]
[SourceDate "2013.08.26"]
[SourceVersion "1"]
[SourceVersionDate "2013.08.26"]
[SourceQuality "1"]
[WhiteTeam "Er Bakir"]
[BlackTeam "Kahramanmaras Belediye"]
[WhiteTeamCountry "TUR"]
[BlackTeamCountry "TUR"]

1. e4 c5 2. Nc3 d6 3. Nf3 a6 4. d4 cxd4 5. Nxd4 Nf6 6. Be2 e5 7. Nb3 Be7 8. Bg5 Be6 9. Bxf6 Bxf6 10. Qd3 O-O 11. Rd1 Be7 12. Nd5 Bg5 13. Nc3 Be7 14. Nd5 Bxd5 15. Qxd5 Qc7 16. O-O Nd7 17. c3 b5 18. Na1 Nb6 19. Qb3 Kh8 20. Nc2 d5 21. exd5 Bd6 22. Kh1 Nd7 23. c4 b4 24. c5 Bxc5 25. d6 Qa7 26. Ne3 f5 27. Nd5 Bxd6 28. Nxb4 Nc5 29. Qe3 Qb6 30. Nd3 f4 31. Qh3 e4 32. Nxc5 Bxc5 33. f3 Qxb2 34. Bc4 e3 35. Bd3 g6 36. Bxg6 Ra7 37. Rfe1 e2 38. Rb1 Qd2 39. Qh5 Bd4 40. Be4 Rg7 41. Qh6 Rfg8 42. Rbc1 Bc3 43. Qh4 Qe3 44. Rxc3 Qxc3 45. Rxe2 Qa1+ 46. Re1 Qxa2 47. g4 Qf7 48. Ra1 Qe6 49. Bf5 Qe5 50. Re1 Qc3 51. Kg2 a5 52. Re6 Qd2+ 53. Kh3 Qd5 54. Qf2 a4 55. Ra6 Qb5 56. Rb6 Qe5 57. Ra6 Rf7 58. Re6 Qc3 59. Be4 a3 60. Rc6 Qe5 61. Rc5 Qb2 62. Rc2 Qe5 63. Rc5 Qb2 64. Rc2 Qe5 1/2-1/2

[Event "TUR-chT"]
[Site "Denizli"]
[Date "2013.07.01"]
[Round "3.1"]
[White "Zhigalko, Sergei"]
[Black "Mirzoev, Azer"]
[Result "1/2-1/2"]
[WhiteElo "2661"]
[BlackElo "2536"]
[PlyCount "81"]
[EventDate "2013.06.29"]
[EventType "team-tourn"]
[EventRounds "13"]
[EventCountry "TUR"]
[SourceTitle "CBM 155 Extra"]
[Source "ChessBase"]
[SourceDate "2013.08.26"]
[SourceVersion "1"]
[SourceVersionDate "2013.08.26"]
[SourceQuality "1"]
[WhiteTeam "Kahramanmaras Belediye"]
[BlackTeam "Ceyhan Belediye"]
[WhiteTeamCountry "TUR"]
[BlackTeamCountry "TUR"]

1. e4 e5 2. Nf3 Nc6 3. Bb5 Nf6 4. O-O d6 5. d4 Bd7 6. Nc3 Be7 7. Bxc6 Bxc6 8. Re1 exd4 9. Nxd4 O-O 10. Nf5 Nd7 11. Nd5 Bxd5 12. Qxd5 b6 13. Bf4 Bf6 14. c3 Re8 15. Bg3 Ne5 16. Rad1 Qc8 17. Nd4 Ng6 18. f4 Ne7 19. Qc4 Ng6 20. Nf3 a6 21. h3 b5 22. Qd5 h6 23. Kh1 Qe6 24. Qh5 Qxa2 25. e5 dxe5 26. fxe5 Be7 27. e6 Bf6 28. Ra1 Qc4 29. exf7+ Qxf7 30. Rxe8+ Qxe8 31. Qd5+ Kh8 32. Bxc7 Rc8 33. Bg3 Qc6 34. Qa2 Ra8 35. Re1 Qb7 36. Qb1 Nf8 37. Be5 Bxe5 38. Nxe5 Qd5 39. Ng6+ Nxg6 40. Qxg6 Qd2 41. Re8+ 1/2-1/2

[Event "TUR-chT"]
[Site "Denizli"]
[Date "2013.07.02"]
[Round "4.1"]
[White "Vuckovic, Bojan"]
[Black "Zhigalko, Sergei"]
[Result "1/2-1/2"]
[WhiteElo "2594"]
[BlackElo "2661"]
[PlyCount "50"]
[EventDate "2013.06.29"]
[EventType "team-tourn"]
[EventRounds "13"]
[EventCountry "TUR"]
[SourceTitle "CBM 155 Extra"]
[Source "ChessBase"]
[SourceDate "2013.08.26"]
[SourceVersion "1"]
[SourceVersionDate "2013.08.26"]
[SourceQuality "1"]
[WhiteTeam "Calli Spor"]
[BlackTeam "Kahramanmaras Belediye"]
[WhiteTeamCountry "TUR"]
[BlackTeamCountry "TUR"]

1. e4 c5 2. Nf3 d6 3. d4 cxd4 4. Nxd4 Nf6 5. Nc3 a6 6. Bg5 e6 7. f4 h6 8. Bh4 Qb6 9. Qd2 Qxb2 10. Rb1 Qa3 11. e5 dxe5 12. fxe5 Nd5 13. Nxd5 exd5 14. e6 Bxe6 15. Nxe6 fxe6 16. Bd3 Be7 17. Bg6+ Kd8 18. Bxe7+ Qxe7 19. O-O Nd7 20. Rf7 Qc5+ 21. Kh1 Rf8 22. Rxg7 Rf6 23. Rg8+ Rf8 24. Rg7 Rf6 25. Rg8+ Rf8 1/2-1/2

[Event "TUR-chT"]
[Site "Denizli"]
[Date "2013.07.03"]
[Round "5.1"]
[White "Zhigalko, Sergei"]
[Black "Nyzhnyk, Illya"]
[Result "1-0"]
[WhiteElo "2661"]
[BlackElo "2607"]
[PlyCount "91"]
[EventDate "2013.06.29"]
[EventType "team-tourn"]
[EventRounds "13"]
[EventCountry "TUR"]
[SourceTitle "CBM 155 Extra"]
[Source "ChessBase"]
[SourceDate "2013.08.26"]
[SourceVersion "1"]
[SourceVersionDate "2013.08.26"]
[SourceQuality "1"]
[WhiteTeam "Kahramanmaras Belediye"]
[BlackTeam "Aliaga Genclik"]
[WhiteTeamCountry "TUR"]
[BlackTeamCountry "TUR"]

1. e4 e6 2. d4 d5 3. Nc3 Nf6 4. e5 Nfd7 5. f4 c5 6. Nf3 Nc6 7. Be3 a6 8. Qd2 Qb6 9. O-O-O Qa5 10. dxc5 Nxc5 11. Kb1 b5 12. Nd4 Nxd4 13. Bxd4 b4 14. Ne2 Bd7 15. Qe3 Rc8 16. g4 h5 17. gxh5 Rxh5 18. h4 Rh6 19. h5 Qc7 20. Rc1 Bb5 21. Ng3 Bxf1 22. Rhxf1 Na4 23. c3 bxc3 24. Bxc3 Bc5 25. Bd4 Qb6 26. b3 Qb4 27. Rfd1 Kd7 28. Bxc5 Rxc5 29. Ka1 Nc3 30. Rd4 Qa5 31. Qd2 Na4 32. Rxc5 Qxd2 33. Rcxd5+ exd5 34. Rxd2 Nb6 35. a4 a5 36. Kb2 g6 37. hxg6 fxg6 38. Ne2 Rh2 39. Kc3 Rf2 40. Kd4 Rf3 41. Rd3 Rf2 42. Ke3 Rh2 43. Nd4 Rh3+ 44. Kd2 Rh4 45. Ne2 Ke7 46. Rg3 1-0

[Event "TUR-chT"]
[Site "Denizli"]
[Date "2013.07.04"]
[Round "6.1"]
[White "Mchedlishvili, Mikheil"]
[Black "Zhigalko, Sergei"]
[Result "1/2-1/2"]
[WhiteElo "2637"]
[BlackElo "2661"]
[PlyCount "27"]
[EventDate "2013.06.29"]
[EventType "team-tourn"]
[EventRounds "13"]
[EventCountry "TUR"]
[SourceTitle "CBM 155 Extra"]
[Source "ChessBase"]
[SourceDate "2013.08.26"]
[SourceVersion "1"]
[SourceVersionDate "2013.08.26"]
[SourceQuality "1"]
[WhiteTeam "Tarsus Zeka"]
[BlackTeam "Kahramanmaras Belediye"]
[WhiteTeamCountry "TUR"]
[BlackTeamCountry "TUR"]

1. d4 d5 2. c4 e6 3. Nf3 c6 4. e3 Bd6 5. b3 f5 6. Be2 Nf6 7. O-O Qe7 8. Bb2 O-O 9. Qc1 b6 10. Ba3 Bb7 11. Bxd6 Qxd6 12. Qa3 Qxa3 13. Nxa3 a5 14. Rfc1 1/2-1/2

[Event "TUR-chT"]
[Site "Denizli"]
[Date "2013.07.06"]
[Round "8.1"]
[White "Safarli, Eltaj"]
[Black "Zhigalko, Sergei"]
[Result "1/2-1/2"]
[WhiteElo "2660"]
[BlackElo "2661"]
[PlyCount "55"]
[EventDate "2013.06.29"]
[EventType "team-tourn"]
[EventRounds "13"]
[EventCountry "TUR"]
[SourceTitle "CBM 155 Extra"]
[Source "ChessBase"]
[SourceDate "2013.08.26"]
[SourceVersion "1"]
[SourceVersionDate "2013.08.26"]
[SourceQuality "1"]
[WhiteTeam "Ankara Demirspor"]
[BlackTeam "Kahramanmaras Belediye"]
[WhiteTeamCountry "TUR"]
[BlackTeamCountry "TUR"]

1. e4 c5 2. Nf3 Nc6 3. d4 cxd4 4. Nxd4 Nf6 5. Nc3 e5 6. Ndb5 d6 7. Bg5 a6 8. Na3 b5 9. Nd5 Be7 10. Bxf6 Bxf6 11. c4 b4 12. Nc2 a5 13. Qf3 Bg5 14. h4 Bh6 15. g4 f6 16. g5 fxg5 17. Qh5+ Kf8 18. c5 Be6 19. Bb5 Na7 20. Qf3+ Bf7 21. Bc4 g4 22. Qxg4 Rc8 23. Rh3 Rxc5 24. Rf3 Rxc4 25. Rxf7+ Kxf7 26. Qf5+ Ke8 27. Qe6+ Kf8 28. Qf5+ 1/2-1/2

[Event "TUR-chT"]
[Site "Denizli"]
[Date "2013.07.07"]
[Round "10.1"]
[White "Miroshnichenko, Evgenij"]
[Black "Zhigalko, Sergei"]
[Result "1/2-1/2"]
[WhiteElo "2620"]
[BlackElo "2661"]
[PlyCount "40"]
[EventDate "2013.06.29"]
[EventType "team-tourn"]
[EventRounds "13"]
[EventCountry "TUR"]
[SourceTitle "CBM 155 Extra"]
[Source "ChessBase"]
[SourceDate "2013.08.26"]
[SourceVersion "1"]
[SourceVersionDate "2013.08.26"]
[SourceQuality "1"]
[WhiteTeam "Pera Spor"]
[BlackTeam "Kahramanmaras Belediye"]
[WhiteTeamCountry "TUR"]
[BlackTeamCountry "TUR"]

1. Nf3 Nf6 2. g3 g6 3. Bg2 Bg7 4. O-O O-O 5. c4 c6 6. Qc2 d5 7. b3 Bg4 8. Bb2 Nbd7 9. d3 Re8 10. Ne5 Nxe5 11. Bxe5 Qd7 12. e4 Bh3 13. Nc3 Bxg2 14. Kxg2 dxe4 15. dxe4 b5 16. cxb5 cxb5 17. Qe2 a6 18. Rad1 Qb7 19. Qf3 Rac8 20. Rfe1 Red8 1/2-1/2

[Event "TUR-chT"]
[Site "Denizli"]
[Date "2013.07.09"]
[Round "12.1"]
[White "Zhigalko, Sergei"]
[Black "Swiercz, Dariusz"]
[Result "1/2-1/2"]
[WhiteElo "2661"]
[BlackElo "2633"]
[PlyCount "109"]
[EventDate "2013.06.29"]
[EventType "team-tourn"]
[EventRounds "13"]
[EventCountry "TUR"]
[SourceTitle "CBM 155 Extra"]
[Source "ChessBase"]
[SourceDate "2013.08.26"]
[SourceVersion "1"]
[SourceVersionDate "2013.08.26"]
[SourceQuality "1"]
[WhiteTeam "Kahramanmaras Belediye"]
[BlackTeam "Alyans Satranc"]
[WhiteTeamCountry "TUR"]
[BlackTeamCountry "TUR"]

1. e4 e5 2. Nf3 Nc6 3. Bb5 Nf6 4. O-O Nxe4 5. d4 Nd6 6. Bxc6 dxc6 7. dxe5 Nf5 8. Qxd8+ Kxd8 9. Nc3 Ke8 10. h3 h5 11. Bg5 Be6 12. b3 Be7 13. Rad1 h4 14. Rfe1 Rd8 15. Rxd8+ Kxd8 16. Rd1+ Ke8 17. Ne2 Bd5 18. Bxe7 Kxe7 19. Nfd4 Be4 20. c4 Nxd4 21. Rxd4 Bb1 22. Nc3 Bf5 23. f4 Ke6 24. c5 b5 25. Kf2 a5 26. a3 Bc2 27. b4 axb4 28. axb4 Bf5 29. Ne2 f6 30. exf6 Kxf6 31. Rd2 Ra8 32. Nd4 Be4 33. Ke3 Re8 34. Kf2 Ra8 35. Ke3 Bd5 36. Nxb5 Bxg2 37. Rxg2 cxb5 38. Kf3 Ra3+ 39. Kg4 Rb3 40. Ra2 Rxb4 41. Ra7 Rc4 42. Rxc7 b4 43. Rc6+ Ke7 44. Rb6 Rxc5 45. Rxb4 Kf6 46. Rb6+ Kf7 47. Kxh4 Ra5 48. Kg4 Rc5 49. h4 Ra5 50. h5 Rc5 51. Rg6 Rc1 52. Rg5 Rg1+ 53. Kf5 Rh1 54. Ke4 Re1+ 55. Kf3 1/2-1/2

[Event "TUR-chT"]
[Site "Denizli"]
[Date "2013.07.10"]
[Round "13.1"]
[White "Grachev, Boris V"]
[Black "Zhigalko, Sergei"]
[Result "1/2-1/2"]
[WhiteElo "2683"]
[BlackElo "2661"]
[PlyCount "53"]
[EventDate "2013.06.29"]
[EventType "team-tourn"]
[EventRounds "13"]
[EventCountry "TUR"]
[SourceTitle "CBM 155 Extra"]
[Source "ChessBase"]
[SourceDate "2013.08.26"]
[SourceVersion "1"]
[SourceVersionDate "2013.08.26"]
[SourceQuality "1"]
[WhiteTeam "Akdeniz Belediyesi"]
[BlackTeam "Kahramanmaras Belediye"]
[WhiteTeamCountry "TUR"]
[BlackTeamCountry "TUR"]

1. d4 Nf6 2. c4 e6 3. Nf3 b6 4. e3 Bb7 5. Bd3 d5 6. cxd5 exd5 7. b3 Bb4+ 8. Nbd2 Nbd7 9. O-O Qe7 10. Bb2 Bd6 11. Qe2 a6 12. Nh4 g6 13. f4 Ne4 14. Nhf3 f6 15. Bc2 Nxd2 16. Qxd2 O-O-O 17. Bc3 Rde8 18. Rfe1 Nb8 19. Bd3 Nc6 20. Rab1 Kb8 21. b4 Nd8 22. Qc2 g5 23. Qa4 b5 24. Qc2 gxf4 25. exf4 Qg7 26. a4 c6 27. f5 1/2-1/2

[Event "Lake Sevan"]
[Site "Martuni"]
[Date "2013.09.09"]
[Round "2"]
[White "Zhigalko, Sergei"]
[Black "Grigoryan, Avetik"]
[Result "1-0"]
[WhiteElo "2664"]
[BlackElo "2580"]
[PlyCount "103"]
[EventDate "2013.09.08"]
[EventType "tourn"]
[EventRounds "9"]
[EventCountry "ARM"]
[EventCategory "16"]
[SourceTitle "CBM 157"]
[Source "ChessBase"]
[SourceDate "2013.11.12"]
[SourceVersion "1"]
[SourceVersionDate "2013.11.12"]
[SourceQuality "1"]

1. e4 e5 2. Nf3 Nc6 3. Bb5 a6 4. Ba4 Nf6 5. O-O b5 6. Bb3 Bc5 7. a4 Rb8 8. Nxe5 Nxe5 9. d4 Bxd4 10. Qxd4 d6 11. f4 Nc6 12. Qc3 Ne7 13. Qd3 c5 14. c4 O-O 15. axb5 axb5 16. cxb5 d5 17. exd5 Bf5 18. Qd1 Rxb5 19. Bc4 Bg4 20. Qd3 Bf5 21. Qd1 Bg4 22. Qd2 Rb7 23. Nc3 Rd7 24. Qf2 Nexd5 25. Nxd5 Nxd5 26. f5 Nb6 27. Ba2 Re8 28. Be3 Nd5 29. Bxc5 Re2 30. Qg3 Nf6 31. h3 Bh5 32. Rae1 Rxb2 33. Rf2 Rb8 34. Be7 Rxe7 35. Rxe7 Ra8 36. Re1 Bd1 37. Qe3 Ba4 38. Qe7 Be8 39. Qxd8 Rxd8 40. Rc2 Ra8 41. g4 h6 42. Ree2 Kf8 43. Rc7 Bd7 44. Rb7 Rc8 45. Kh2 Ra8 46. Bb3 Rc8 47. Re3 Ra8 48. Kg3 Ra1 49. Rb8+ Ne8 50. f6 gxf6 51. Rb7 Rg1+ 52. Kh4 1-0

[Event "Lake Sevan"]
[Site "Martuni"]
[Date "2013.09.10"]
[Round "3"]
[White "Andriasian, Zaven"]
[Black "Zhigalko, Sergei"]
[Result "0-1"]
[WhiteElo "2631"]
[BlackElo "2664"]
[PlyCount "110"]
[EventDate "2013.09.08"]
[EventType "tourn"]
[EventRounds "9"]
[EventCountry "ARM"]
[EventCategory "16"]
[SourceTitle "CBM 157"]
[Source "ChessBase"]
[SourceDate "2013.11.12"]
[SourceVersion "1"]
[SourceVersionDate "2013.11.12"]
[SourceQuality "1"]

1. e4 c5 2. Nc3 a6 3. g3 b5 4. Bg2 Bb7 5. d3 e6 6. f4 d5 7. exd5 exd5 8. Nf3 Nf6 9. O-O Be7 10. Nh4 Qd7 11. f5 h6 12. Bf4 Nc6 13. Qd2 O-O-O 14. a3 Rhe8 15. Rae1 Bd6 16. Ne2 d4 17. h3 Ne5 18. b4 Bxg2 19. Kxg2 Qc6+ 20. Kh2 Re7 21. bxc5 Bxc5 22. Bxe5 Rxe5 23. Nf3 Ree8 24. Nf4 Rxe1 25. Qxe1 Bxa3 26. Qf2 Bc5 27. Re1 Re8 28. Rxe8+ Nxe8 29. Ne2 Nd6 30. Nfxd4 Bxd4 31. Nxd4 Qc5 32. Qf4 a5 33. Qg4 f6 34. Qf4 a4 35. c3 Qd5 36. Qe3 Kd7 37. h4 Nxf5 38. Nxf5 Qxf5 39. Qa7+ Ke6 40. c4 bxc4 41. Qa6+ Ke7 42. dxc4 Qf2+ 43. Kh3 Qf1+ 44. Kh2 Qe2+ 45. Kg1 Qd3 46. Kh2 a3 47. Qa7+ Ke6 48. c5 Qe2+ 49. Kh3 a2 50. c6 Qf1+ 51. Kh2 a1=Q 52. Qd7+ Ke5 53. Qe7+ Kf5 54. Qd7+ Kg6 55. h5+ Kh7 0-1

[Event "Lake Sevan"]
[Site "Martuni"]
[Date "2013.09.11"]
[Round "4"]
[White "Zhigalko, Sergei"]
[Black "Grigoryan, Karen H"]
[Result "0-1"]
[WhiteElo "2664"]
[BlackElo "2563"]
[PlyCount "104"]
[EventDate "2013.09.08"]
[EventType "tourn"]
[EventRounds "9"]
[EventCountry "ARM"]
[EventCategory "16"]
[SourceTitle "CBM 157"]
[Source "ChessBase"]
[SourceDate "2013.11.12"]
[SourceVersion "1"]
[SourceVersionDate "2013.11.12"]
[SourceQuality "1"]

1. e4 d6 2. d4 Nf6 3. Nc3 g6 4. Bg5 h6 5. Be3 Ng4 6. Bd2 e5 7. h3 Nf6 8. Be3 a6 9. dxe5 dxe5 10. Qxd8+ Kxd8 11. Bc4 Ke8 12. f4 Nbd7 13. Nf3 Bd6 14. O-O-O Rb8 15. Rhf1 exf4 16. Ba7 Ra8 17. Bd4 Bc5 18. e5 Bxd4 19. Rxd4 Nh5 20. Nd5 c5 21. Re4 Ng3 22. Rxf4 Nxf1 23. Nc7+ Kd8 24. Nxa8 Ne3 25. Bxf7 Nxg2 26. Re4 Ke7 27. Bxg6 Rf8 28. e6 Nf6 29. Re5 Nf4 30. Bf5 N6d5 31. c4 Nb4 32. Kd2 Nc6 33. Rxc5 Bxe6 34. Be4 Kd6 35. Rxc6+ bxc6 36. Nb6 Rb8 37. b4 c5 38. bxc5+ Kxc5 39. Na4+ Kb4 40. Nb2 Ka3 41. Nd3 Nxd3 42. Bxd3 Rc8 43. Kc3 Bxh3 44. Nd4 h5 45. Bc2 Kxa2 46. Bb3+ Ka1 47. Bc2 h4 48. Be4 Bd7 49. Nc2+ Ka2 50. Nb4+ Ka3 51. Bc2 h3 52. Bb3 Bf5 0-1

[Event "Lake Sevan"]
[Site "Martuni"]
[Date "2013.09.12"]
[Round "5"]
[White "Ragger, Markus"]
[Black "Zhigalko, Sergei"]
[Result "1/2-1/2"]
[WhiteElo "2680"]
[BlackElo "2664"]
[PlyCount "47"]
[EventDate "2013.09.08"]
[EventType "tourn"]
[EventRounds "9"]
[EventCountry "ARM"]
[EventCategory "16"]
[SourceTitle "CBM 157"]
[Source "ChessBase"]
[SourceDate "2013.11.12"]
[SourceVersion "1"]
[SourceVersionDate "2013.11.12"]
[SourceQuality "1"]

1. d4 Nf6 2. c4 e6 3. Nc3 Bb4 4. e3 O-O 5. Bd3 d5 6. Nf3 c5 7. O-O b6 8. a3 Bxc3 9. bxc3 Ba6 10. dxc5 dxc4 11. Be2 Ne4 12. Qxd8 Rxd8 13. cxb6 axb6 14. Bb2 Nc5 15. a4 Nc6 16. Nd4 Bb7 17. Bxc4 Nxa4 18. Ra2 Ne5 19. Bb5 Nc5 20. Rxa8 Rxa8 21. Ra1 Rxa1+ 22. Bxa1 Ba6 23. Bb2 Nc4 24. Bxc4 1/2-1/2

[Event "Lake Sevan"]
[Site "Martuni"]
[Date "2013.09.13"]
[Round "6"]
[White "Zhigalko, Sergei"]
[Black "Swiercz, Dariusz"]
[Result "1/2-1/2"]
[WhiteElo "2664"]
[BlackElo "2654"]
[PlyCount "70"]
[EventDate "2013.09.08"]
[EventType "tourn"]
[EventRounds "9"]
[EventCountry "ARM"]
[EventCategory "16"]
[SourceTitle "CBM 157"]
[Source "ChessBase"]
[SourceDate "2013.11.12"]
[SourceVersion "1"]
[SourceVersionDate "2013.11.12"]
[SourceQuality "1"]

1. e4 e5 2. Nf3 Nc6 3. Bb5 Nf6 4. d3 d6 5. O-O Be7 6. c3 O-O 7. Re1 a6 8. Ba4 b5 9. Bc2 Re8 10. Nbd2 Bf8 11. d4 Bb7 12. a3 Nb8 13. a4 Nbd7 14. Bd3 Qb8 15. Qc2 c5 16. axb5 axb5 17. Rxa8 Bxa8 18. d5 c4 19. Bf1 Rc8 20. b3 Nb6 21. bxc4 bxc4 22. Ba3 Nfd7 23. Nh4 g6 24. Bb4 Bb7 25. Ra1 Be7 26. Nhf3 Kg7 27. Ba5 f5 28. Bxb6 Nxb6 29. Rb1 Qc7 30. Qb2 Bd8 31. Nxc4 Nxc4 32. Qxb7 fxe4 33. Bxc4 exf3 34. Ba6 Qxb7 35. Rxb7+ Rc7 1/2-1/2

[Event "Lake Sevan"]
[Site "Martuni"]
[Date "2013.09.14"]
[Round "7"]
[White "Hovhannisyan, Robert"]
[Black "Zhigalko, Sergei"]
[Result "0-1"]
[WhiteElo "2623"]
[BlackElo "2664"]
[PlyCount "92"]
[EventDate "2013.09.08"]
[EventType "tourn"]
[EventRounds "9"]
[EventCountry "ARM"]
[EventCategory "16"]
[SourceTitle "CBM 157"]
[Source "ChessBase"]
[SourceDate "2013.11.12"]
[SourceVersion "1"]
[SourceVersionDate "2013.11.12"]
[SourceQuality "1"]

1. e4 c5 2. Nf3 d6 3. d4 cxd4 4. Nxd4 Nf6 5. Nc3 a6 6. h3 e6 7. g4 Be7 8. g5 Nfd7 9. h4 b5 10. a3 Bb7 11. Be3 Nc6 12. Qd2 Rc8 13. O-O-O b4 14. axb4 Nxb4 15. Nb3 Bxe4 16. Nxe4 Rxc2+ 17. Qxc2 Nxc2 18. Kxc2 O-O 19. Nc3 Qa8 20. Be2 Qb7 21. Na5 Qc7 22. Ra1 d5 23. Nb3 e5 24. Kb1 d4 25. Nd5 Qb7 26. Bc4 Bb4 27. Bc1 Rc8 28. Bxa6 Qxd5 29. Bxc8 Qe4+ 30. Ka2 Nb6 31. Rd1 Qa8+ 32. Kb1 Qxc8 33. Bd2 Qc4 34. Na5 Qe2 35. Kc1 d3 36. Nb3 Qxf2 37. Kb1 Bxd2 38. Rxd2 Qe1+ 39. Ka2 Qe4 40. Rad1 Qa8+ 41. Kb1 e4 42. Rc1 Qd5 43. Rc3 g6 44. Nc1 Nc4 45. Rd1 d2 46. b3 Na3+ 0-1